Movimientos internacionales de capital: análisis teórico y aplicación al caso chileno en el período 1959-1975

Saved in:
Bibliografiske detaljer
Hovedforfatter: Holuigue B., Ana (Author)
Institution som forfatter: Pontificia Universidad Católica de Chile. Instituto de Economía (Author)
Format: Bog
Sprog:spansk
Udgivet: Santiago Pontificia Universidad Católica de Chile 1979
Serier:Documento de Trabajo, 62
Fag:
Tags: Tilføj Tag
Ingen Tags, Vær først til at tagge denne postø!

MARC

LEADER 00000nam a2200000 a 4500
001 UCR7999
003 CL-VaPUC
008 980519e19790000CL |||||||||||||||||spa|d
082 0 4 |a 332.673  |b HOL  |2 21 
100 |a Holuigue B., Ana  |e author  |9 409613 
110 2 |a Pontificia Universidad Católica de Chile. Instituto de Economía  |e author  |9 409614 
245 1 0 |a Movimientos internacionales de capital: análisis teórico y aplicación al caso chileno en el período 1959-1975 
300 |a 118 p 
942 |c BK 
945 |d 19980519 00:00:00  |a crobeson 
260 |a Santiago  |b Pontificia Universidad Católica de Chile  |c 1979 
650 7 |a MOVIMIENTOS DE CAPITALES  |2 CL-VaPUC  |9 380925 
650 7 |a INVERSION EXTRANJERA  |2 CL-VaPUC  |9 345101 
650 0 |a Teoría económica  |9 315055 
651 7 |a CHILE  |2 CL-VaPUC  |9 409615 
583 |a last modification  |c 19980519 00:00:00  |k Rodrigo Vera 
490 0 |a Documento de Trabajo, 62 
999 |c 269571  |d 269569